Statistics for Top 10 Formula One Drivers Starting With 'F'

Click here to take the quiz!

General Stats

  • This quiz has been taken 49 times
  • The average score is 6 of 10

Answer Stats

Lp.NationalityCareerDriver% Correct
1Argentine1950-1958Juan Manuel Fangio
100%
2Brazilian1970-1980Emerson Fittipaldi
89%
4Italian1996-2009Giancarlo Fisichella
89%
3Italian1950-1955Giuseppe Farina
82%
5German1994-2003Heinz-Harald Frentzen
80%
6Italian1950-1951Luigi Fagioli
56%
9Swiss1951-1952Rudi Fischer
22%
7American1950-1959Pat Flaherty
18%
10British1954-1960Ron Flockhart
16%
8Italian1982-1987Teo Fabi
16%

Score Distribution

Percentile by Number Answered

Percent of People with Each Score

Your Score History

You have not taken this quiz